000 00527nam a2200193 a 4500
001 14053
003 CO-ViMGA
008 141112s2004 ck r 000 u spa d
020 _a9684511882
040 _aCO-ViMGA
_bspa
_cCO-ViMGA
082 0 4 _a658.8 R437
100 1 _aRies, AL; Trout, Jack
_97747
245 1 0 _aLa guerra de la mercadoctenia
260 _aMexico :
_bMcgraw - Hill,
_c1988
300 _a213
590 _aForma de adquisición : COMPRA
650 1 4 _aMERCADEO - ESTRATEGIA Y TECNICAS
_920540
942 _2ddc
_cBK
999 _c24754
_d24754